000 00634nam a2200205 i 4500
001 101699
003 ES-MaACL
005 20240223183404.0
007 t|
008 051021s1970 sp ||||1| spa d
100 1 _aMejía Sánchez, Ernesto.
_979867
245 1 0 _aCuestiones rubendarianas /
_cErnesto Mejía Sánchez.
260 _aMadrid :
_bRevista de Occidente,
_c1970.
300 _a268 p. ;
_c22 cm.
490 1 _aCimas de América
600 1 4 _aDarío, Rubén,
_d1867-1916-
_xCrítica e interpretación
_942722
830 1 _aCimas de América
_9180982
852 _aES-MaACL
_jC-38515
999 _c101699
_d101699